000 00302nam a2200097Ia 4500
008 230915s9999 xx 000 0 und d
050 _aJZ 1253.2 .G46 2009
100 _aSHEPHERD, LAURA J.
245 0 _aGENDER MATTERS IN GLOBAL POLITICS: A FEMINIST INTRODUCTION TO INTERNATIONAL RELATIONS
942 _cBK
999 _c161218
_d161218